000 00326nam a22001337a 4500
999 _c14020
_d14020
020 _a0412064510
082 _a664
100 _aNorman N. Potter & Joseph H. Hotchkiss
245 _aFood Science
250 _aFifth Edition
260 _aNew York
_bInternational Thosmon Publishing
_c1995
300 _a608 pages
942 _cBK